| 000 | 00521nam a22001697a 4500 | ||
|---|---|---|---|
| 999 |
_c7707 _d7707 |
||
| 003 | OSt | ||
| 005 | 20230405122825.0 | ||
| 008 | 230405b ||||| |||| 00| 0 eng d | ||
| 040 |
_aCDMR _bcat _cCDMR |
||
| 110 | 2 |
_962 _aDiari Segre |
|
| 245 |
_aSegre 40 anys _b: 1982-2022 : especial aniversari _c/ Diari Segre |
||
| 260 |
_aLleida : _bDiari Segre, _c2022 |
||
| 300 | _a234 pàgines | ||
| 610 | 2 | 0 |
_962 _aDiari Segre _xHistòria _y1982-2022 |
| 650 | 0 |
_93717 _aPremsa comarcal _zCatalunya _zLleida _xHistòria |
|
| 942 |
_2udc _cMON |
||